Vybrané problémy identifikácie a merania manažérskych kompetencií (spôsobilostí) študentov vysokých škôl

Analýza a komparácia teoretických a pragmatických prístupov k meraniu manažérskych kompetencií doma a v zahraničí. Modely merania úrovne manažérskych kompetencií študentov vysokých škôl.

Na minha lista:
Detalhes bibliográficos
Autor principal: Mesároš, Peter
Outros Autores: Mesárošová, Margita, Dugas, Jaroslav, 1967-, Bruothová, Michaela, 1979-
Formato: Capítulo de Livro
Idioma:eslovaco
Assuntos:
Tags: Adicionar Tag
Sem tags, seja o primeiro a adicionar uma tag!

MARC

LEADER 00000naa$a2200000$$$4500
001 0167939
005 20240502072928.3
041 0 |a slo 
044 |a SK 
245 1 0 |a Vybrané problémy identifikácie a merania manažérskych kompetencií (spôsobilostí) študentov vysokých škôl  |c Peter Mesároš, Margita Mesárošová, Jaroslav Dugas, Michaela Bruothová 
520 |a Analýza a komparácia teoretických a pragmatických prístupov k meraniu manažérskych kompetencií doma a v zahraničí. Modely merania úrovne manažérskych kompetencií študentov vysokých škôl. 
610 2 0 |a manažéri 
610 2 0 |a komunikácia manažérska 
610 2 0 |a riadenie podľa kompetencií 
610 2 0 |a manažment 
610 2 0 |a meranie 
610 2 0 |a modely 
610 2 0 |a univerzity 
610 2 0 |a študenti 
100 1 |a Mesároš, Peter 
700 1 |a Mesárošová, Margita 
700 1 |a Dugas, Jaroslav, 1967- 
700 1 |a Bruothová, Michaela, 1979-